000 00665nam a2200253 i 4500
999 _c18892
_d18892
001 C2-0090380
003 PPAK
005 20190318101823.0
008 970512s1993 my |||| ||||| | may d
020 _a9836231277
040 _aPPAK
_beng
_cPPAK
_erda
082 0 4 _a899.231
_223
090 0 0 _a899.231
_bMUT
_dG
090 0 0 _a899.231
_bMUT
_dKSA
090 0 0 _a899.231
_bMUT
_dKK
245 0 0 _aMutiara timur
264 1 _aKuala Lumpur :
_bDewan Bahasa dan Pustaka ,
_c1993
300 _axviii, 333 pages ;
_c18 cm
336 _2rdacontent
_atext
337 _2rdamedia
_aunmediated
338 _2rdacarrier
_avolume
650 1 0 _aMalay poetry
942 _cB
_2ddc